[Event "La Cruz op 1st"]
[Site "La Cruz"]
[Date "2024.11.03"]
[Round "9"]
[White "Prado Villalobos, Diego Esteban"]
[Black "Rivadeneira Maturana, Benjamin Arturo"]
[Result "0-1"]
[WhiteElo "1585"]
[BlackElo "1873"]
[PlyCount "58"]
[EventDate "2024.10.29"]
[EventType "swiss"]
[EventRounds "9"]
[EventCountry "CHI"]
[SourceTitle "CB45_2024"]
[Source "ChessBase"]
[SourceDate "2024.11.06"]
[SourceVersion "1"]
[SourceVersionDate "2024.11.06"]
[SourceQuality "1"]

1. e4 g6 2. Nc3 Bg7 3. Bc4 c5 4. Nge2 Nc6 5. 0-0 e6 6. f4 Nge7 7. Ng3 d5 8. exd5 exd5 9. Bb5 0-0 10. Bxc6 bxc6 11. Nce2 Re8 12. d4 cxd4 13. Nxd4 c5 14. Nf3 d4 15. h3 Bb7 16. Qd3 Qd5 17. b3 a5 18. Re1 Ba6 19. Qe4 d3 20. Qxd5 Nxd5 21. Rxe8+ Rxe8 22. c4 Bxa1 23. cxd5 Bb7 24. Ba3 Bxd5 25. Nd2 Bc3 26. Ngf1 Re2 27. Nf3 Bxf3 28. gxf3 Bd4+ 29. Kh1 Rf2 0-1

[Event "La Cruz op 1st"]
[Site "La Cruz"]
[Date "2024.10.30"]
[Round "3"]
[White "Rivadeneira Maturana, Benjamin Arturo"]
[Black "Miranda Camus, Joaquin Ignacio"]
[Result "0-1"]
[WhiteElo "1873"]
[BlackElo "2133"]
[PlyCount "58"]
[EventDate "2024.10.29"]
[EventType "swiss"]
[EventRounds "9"]
[EventCountry "CHI"]
[SourceTitle "CB45_2024"]
[Source "ChessBase"]
[SourceDate "2024.11.06"]
[SourceVersion "1"]
[SourceVersionDate "2024.11.06"]
[SourceQuality "1"]

1. e4 c6 2. d4 d5 3. e5 Bf5 4. Bd3 Bxd3 5. Qxd3 Qa5+ 6. c3 Qa6 7. Qxa6 Nxa6 8. b4 e6 9. Be3 Nc7 10. Nd2 a5 11. bxa5 Rxa5 12. Nb3 Ra4 13. Ne2 b6 14. 0-0 Ba3 15. Bc1 Ne7 16. Bxa3 Rxa3 17. Rfc1 Ra4 18. Rc2 Kd7 19. Rb1 Rha8 20. Rbb2 Nb5 21. f4 Na3 22. Rc1 Nc4 23. Rbc2 Nf5 24. Nd2 Nfe3 25. Nxc4 dxc4 26. Rb2 Rxa2 27. Rcb1 Rxb2 28. Rxb2 Ra1+ 29. Kf2 Nd1+ 0-1